000 00467nam a2200169Ia 4500
005 20250508153249.0
008 008 250505s9999 xx 000 0 eng d
037 _aTextual
040 _aFEDL
_beng
_cFEDL
041 _aeng
_2eng
084 _a020.3, LIB
_qFEDL
245 0 _aStudents' hand book 1963
260 _aLondon, UK
_bThe Library Association
_c1963
650 _aLibrary Science
942 _cTEXL
_h020.3, LIB
999 _c1341603
_d1341603